000 00379pab a2200145 454500
008 180718b2004 xxu||||| |||| 00| 0 eng d
100 _aScholte, Jan Aart
245 _aGoverning economic globalization: a response to Keith Griffin
260 _c2004
300 _ap.1049-056.
362 _aNov
650 _aGlobalization
773 _aDevelopment and Change
909 _a64011
999 _c64011
_d64011